000
00270nam a2200097Ia 4500
001
639891
005
20250826153436.0
008
250824s9999 xx 000 0 und d
245
0
_a
BİR DELİNİN HATIRA DEFTERİ ANTİK YENİ
_c
GOGOL
260
_b
ANTİK DÜNYA KLASİKLERİ
999
_c
639891
_d
639891